Normal view
MARC view
- Jaynes, E. T
Entry Personal Name
001 - CONTROL NUMBER
- control field: 103370
003 - CONTROL NUMBER IDENTIFIER
- control field: NUST
005 - DATE AND TIME OF LATEST TRANSACTION
- control field: 20221122143035.0
008 - FIXED-LENGTH DATA ELEMENTS
- fixed length control field: 221122|| aca||aabn | a|a d
040 ## - CATALOGING SOURCE
- Original cataloging agency: NUST
- Transcribing agency: NUST
100 ## - HEADING--PERSONAL NAME
- Personal name: Jaynes, E. T
670 ## - SOURCE DATA FOUND
- Source citation: Work cat.: (NUST)181486: Jaynes, E. T., Probability theory :, 2003.
